[Event "Portugal Open 2018"]
[Site "Lisboa POR"]
[Date "2018.02.08"]
[Round "8.63"]
[White "Zemlickova, Olena"]
[Black "Horta, António"]
[Result "1/2-1/2"]
[WhiteElo "2090"]
[BlackElo "1906"]
[WhiteFideId "14105560"]
[BlackFideId "1916971"]
[WhiteTitle "WIM"]
[WhiteCountry "UKR"]
[BlackCountry "POR"]
[PlyCount "72"]
[EventDate "2018.??.??"]

1. d4 Nf6 2. Nf3 e6 3. e3 d5 4. Bd3 Be7 5. O-O O-O 6. Nbd2 Nbd7 7. b3 b6 8. Ne5
Bb7 9. f4 c5 10. Bb2 Ne4 11. Ndf3 f5 12. Nxd7 Qxd7 13. Ne5 Qe8 14. a4 a6 15. Qe2
Bf6 16. a5 cxd4 17. exd4 b5 18. Ba3 Be7 19. Qe1 Rc8 20. Rf3 Nc3 21. Bxe7 Qxe7
22. Bxf5 Rxf5 23. Rxc3 Rxf4 24. Rxc8+ Bxc8 25. Qc3 Bb7 26. Nd3 Rf8 27. Qd2 Bc8
28. Re1 Qc7 29. b4 Qc4 30. Ne5 Qc7 31. Re3 Bd7 32. Rc3 Qd8 33. Qd3 Be8 34. Qe3
h6 35. Qe2 Qg5 36. Nf3 Qf6 1/2-1/2

[Event "Portugal Open 2018"]
[Site "Lisboa POR"]
[Date "2018.02.08"]
[Round "8.64"]
[White "Martins, André"]
[Black "Quintino, Luís"]
[Result "1-0"]
[WhiteElo "2068"]
[BlackElo "1899"]
[WhiteFideId "1924281"]
[BlackFideId "1904086"]
[WhiteCountry "POR"]
[BlackCountry "POR"]
[PlyCount "87"]
[EventDate "2018.??.??"]

1. Nf3 d5 2. g3 c5 3. Bg2 Nc6 4. O-O e5 5. d3 Nf6 6. Nbd2 Be7 7. e4 dxe4 8. dxe4
Bg4 9. c3 Qd7 10. Re1 Rd8 11. Qc2 O-O 12. Nc4 Bxf3 13. Bxf3 b5 14. Ne3 b4 15.
Nd5 Qe6 16. Bg5 a5 17. Rad1 Rd6 18. Qe2 Qd7 19. Bxf6 Bxf6 20. Nxf6+ gxf6 21. Bg4
Qc7 22. Rxd6 Qxd6 23. Rd1 Qb8 24. Qc4 bxc3 25. bxc3 Qb6 26. Rd5 Nd8 27. Rxc5 Ne6
28. Bxe6 fxe6 29. Rc6 Qb1+ 30. Kg2 Re8 31. Rxe6 Rxe6 32. Qxe6+ Kg7 33. Qc4 Qc2
34. a4 Qb1 35. h4 h5 36. Qc6 Qc2 37. c4 Qc3 38. c5 Qb4 39. Kg1 Qe1+ 40. Kg2 Qb4
41. Kh2 Qe1 42. Qd7+ Kg6 43. Qf5+ Kg7 44. c6 1-0

[Event "Portugal Open 2018"]
[Site "Lisboa POR"]
[Date "2018.02.08"]
[Round "8.65"]
[White "Sousa, Tadeu"]
[Black "Pires, Emanuel"]
[Result "0-1"]
[WhiteElo "1888"]
[BlackElo "2068"]
[WhiteFideId "1928198"]
[BlackFideId "1914715"]
[WhiteCountry "POR"]
[BlackCountry "POR"]
[PlyCount "66"]
[EventDate "2018.??.??"]

1. e4 e6 2. d4 d5 3. Nd2 Nf6 4. e5 Nfd7 5. Bd3 c5 6. c3 Nc6 7. Ngf3 cxd4 8. cxd4
f6 9. exf6 Nxf6 10. O-O Bd6 11. b3 O-O 12. Bb2 Qb6 13. Re1 a5 14. a3 Bd7 15. Rc1
Bf4 16. Rc5 Rae8 17. Qc2 Rc8 18. Qd1 Kh8 19. Nf1 Be8 20. Ng3 Bf7 21. Ne2 Bd6 22.
Rc1 Bh5 23. Ng3 Bg4 24. Be2 Bf4 25. Rb1 Ne4 26. Nxe4 dxe4 27. Ne5 Bxe5 28. Bxg4
Bxd4 29. Bxd4 Nxd4 30. Rxe4 Nb5 31. Qe2 Nc3 32. Qe1 Nxe4 33. Qxe4 Qxf2+ 0-1

[Event "Portugal Open 2018"]
[Site "Lisboa POR"]
[Date "2018.02.08"]
[Round "8.66"]
[White "Pintor, Simão"]
[Black "Marques, Rui"]
[Result "1/2-1/2"]
[WhiteElo "2060"]
[BlackElo "1876"]
[WhiteFideId "1904787"]
[BlackFideId "1903390"]
[WhiteCountry "POR"]
[BlackCountry "POR"]
[PlyCount "119"]
[EventDate "2018.??.??"]

1. Nf3 Nf6 2. g3 g6 3. b3 Bg7 4. Bb2 d6 5. d4 Bg4 6. Bg2 Nc6 7. c4 O-O 8. O-O
Nd7 9. h3 Bxf3 10. Bxf3 e5 11. Bxc6 bxc6 12. dxe5 Nxe5 13. Nc3 f5 14. f4 Nd7 15.
Qd2 Qf6 16. Rad1 Rfe8 17. Ba1 Qe7 18. Rf3 Nc5 19. b4 Ne4 20. Nxe4 Bxa1 21. Nxd6
cxd6 22. Rxa1 Qxe2 23. Rd3 Qxd2 24. Rxd2 Re4 25. Rc1 a5 26. c5 dxc5 27. Rxc5 Ra7
28. bxa5 Ra4 29. Rxc6 R4xa5 30. Rcc2 Ra3 31. Kg2 Kg7 32. g4 fxg4 33. hxg4 Rf7
34. Rf2 Rfa7 35. f5 gxf5 36. gxf5 R7a6 37. Kf1 Kf6 38. Ke1 R3a5 39. Rh2 Kxf5 40.
Rcf2+ Ke5 41. Kd1 Rd5+ 42. Kc1 Rad6 43. Rxh7 Rc6+ 44. Rc2 Rxc2+ 45. Kxc2 Kd6 46.
Kc3 Kc6 47. Kc4 Rg5 48. Rh6+ Kb7 49. a4 Rf5 50. Rh4 Rg5 51. Kb4 Ka7 52. a5 Rg1
53. Rh7+ Ka6 54. Rh6+ Ka7 55. Rb6 Rb1+ 56. Kc5 Rc1+ 57. Kd6 Rd1+ 58. Kc7 Rc1+
59. Rc6 Rxc6+ 60. Kxc6 1/2-1/2

[Event "Portugal Open 2018"]
[Site "Lisboa POR"]
[Date "2018.02.08"]
[Round "8.67"]
[White "Dumont, André"]
[Black "Coelho, Pedro"]
[Result "0-1"]
[WhiteElo "2019"]
[BlackElo "1864"]
[WhiteFideId "201910"]
[BlackFideId "1905694"]
[WhiteCountry "BEL"]
[BlackCountry "POR"]
[PlyCount "57"]
[EventDate "2018.??.??"]

1. Nf3 c6 2. b3 d5 3. Bb2 Bf5 4. e3 Nd7 5. Be2 e6 6. O-O Ngf6 7. d4 Bd6 8. Ne5
Qc7 9. f4 h5 10. Nd2 Bxe5 11. dxe5 Ng4 12. Rf3 g6 13. h3 Nh6 14. Rf2 Qd8 15. Bf3
Qh4 16. Re2 g5 17. g3 Qxh3 18. Nf1 Be4 19. Bxe4 dxe4 20. Qd6 O-O-O 21. Rh2 Qg4
22. Qb4 h4 23. Qxe4 hxg3 24. Nxg3 Qxg3+ 25. Rg2 Qh4 26. Rh2 Qg4+ 27. Kf2 Nf5 28.
Rg2 Qh4+ 29. Kf3 0-1

[Event "Portugal Open 2018"]
[Site "Lisboa POR"]
[Date "2018.02.08"]
[Round "8.68"]
[White "Zemlicka, Vit"]
[Black "Lavrador, Rodolfo"]
[Result "1/2-1/2"]
[WhiteElo "2015"]
[BlackElo "1859"]
[WhiteFideId "303143"]
[BlackFideId "1908367"]
[BlackTitle "NM"]
[WhiteCountry "CZE"]
[BlackCountry "POR"]
[PlyCount "109"]
[EventDate "2018.??.??"]

1. e4 e6 2. d4 d5 3. Nc3 Bb4 4. e5 c5 5. a3 Bxc3+ 6. bxc3 Qa5 7. Bd2 Qa4 8. Qg4
g6 9. Nf3 Nc6 10. Be2 Qxc2 11. dxc5 Bd7 12. O-O Nge7 13. Rfc1 Qf5 14. Qg3 Qe4
15. Re1 Qa4 16. Reb1 O-O-O 17. Bb5 Qe4 18. Re1 Qc2 19. Qf4 g5 20. Nxg5 Rhg8 21.
Nxf7 Rdf8 22. Nd6+ Kb8 23. Qe3 Qg6 24. g3 h5 25. Bd3 Qg4 26. Rab1 Nd8 27. Rb4
Qg7 28. Qh6 Qh8 29. Qxh8 Rxh8 30. Bg5 Nec6 31. Rb2 Rf3 32. Ba6 Bc8 33. Be3 h4
34. Reb1 hxg3 35. hxg3 Rh7 36. Kg2 Rf8 37. Bf4 Rc7 38. Bd3 Nf7 39. Nb5 Rd7 40.
Re2 Na5 41. Be3 Nxe5 42. Bc2 Nec4 43. Bf4+ e5 44. Bxe5+ Nxe5 45. Rxe5 Nc4 46.
Rf5 Re8 47. Bd3 a6 48. Bxc4 dxc4 49. c6 Rd3 50. c7+ Ka8 51. Rc5 axb5 52. Rcxb5
Rd6 53. Rc5 Rc6 54. Rxc6 bxc6 55. Rb8+ 1/2-1/2

[Event "Portugal Open 2018"]
[Site "Lisboa POR"]
[Date "2018.02.08"]
[Round "8.69"]
[White "Guerreiro, Paulo"]
[Black "Chaerle, Josse"]
[Result "0-1"]
[WhiteElo "1796"]
[BlackElo "2011"]
[WhiteFideId "1902105"]
[BlackFideId "229920"]
[WhiteCountry "POR"]
[BlackCountry "BEL"]
[PlyCount "60"]
[EventDate "2018.??.??"]

1. c4 e5 2. g3 Nf6 3. Bg2 c6 4. Nc3 d5 5. cxd5 cxd5 6. d3 d4 7. Ne4 Nxe4 8. dxe4
Bd6 9. Nf3 Nc6 10. O-O O-O 11. e3 Bg4 12. exd4 exd4 13. Qd3 Qb6 14. a3 Rad8 15.
b4 a5 16. bxa5 Nxa5 17. Qxd4 Qxd4 18. Nxd4 Be5 19. Bd2 Nc4 20. Bb4 Bxd4 21. Rac1
Nd6 22. h3 Be6 23. Rfd1 Nb5 24. a4 Bb3 25. axb5 Bxd1 26. Bxf8 Kxf8 27. Rxd1
Bxf2+ 28. Kxf2 Rxd1 29. e5 Rd2+ 30. Kf3 Ke7 0-1

[Event "Portugal Open 2018"]
[Site "Lisboa POR"]
[Date "2018.02.08"]
[Round "8.70"]
[White "Gonçalves, Gabriel"]
[Black "Oliveira, Marco"]
[Result "1/2-1/2"]
[WhiteElo "1766"]
[BlackElo "2008"]
[WhiteFideId "1945610"]
[BlackFideId "1901583"]
[WhiteCountry "POR"]
[BlackCountry "POR"]
[PlyCount "60"]
[EventDate "2018.??.??"]

1. e4 c5 2. Nf3 Nc6 3. d4 cxd4 4. Nxd4 Nf6 5. Nc3 d6 6. Be2 Bd7 7. Nb3 g6 8. O-O
Bg7 9. Be3 O-O 10. f4 Rc8 11. Bf3 a6 12. a4 Be6 13. Nd5 Bxd5 14. exd5 Na5 15.
Nxa5 Qxa5 16. c3 Nd7 17. Bg4 Qd8 18. Qb3 f5 19. Bf3 Qc7 20. Rae1 Rf7 21. Kh1 Nf6
22. Re2 Qc4 23. Qd1 b5 24. axb5 axb5 25. Rfe1 Kf8 26. Bd4 Ne8 27. Bxg7+ Nxg7 28.
Qd2 Ne8 29. Ra1 Rc7 30. g3 Nf6 1/2-1/2

[Event "Portugal Open 2018"]
[Site "Lisboa POR"]
[Date "2018.02.08"]
[Round "8.71"]
[White "Terryn, Ezra"]
[Black "Dias, António"]
[Result "1-0"]
[WhiteElo "1993"]
[BlackElo "1707"]
[WhiteFideId "233196"]
[BlackFideId "1928040"]
[WhiteCountry "BEL"]
[BlackCountry "POR"]
[PlyCount "67"]
[EventDate "2018.??.??"]

1. e4 c6 2. d4 g6 3. Nc3 d6 4. f4 Bg7 5. Be3 b5 6. Bd3 Nf6 7. Nf3 Nbd7 8. O-O
Ng4 9. Bd2 b4 10. Ne2 Qb6 11. Qe1 e5 12. h3 Nh6 13. Bxb4 exd4 14. Bxd6 c5 15. e5
Ba6 16. Ng3 c4 17. Be4 d3+ 18. Kh1 Rc8 19. c3 Bb7 20. Bxb7 Qxb7 21. e6 Nc5 22.
exf7+ Kxf7 23. Ng5+ Kg8 24. Qe3 Qd7 25. Bxc5 Re8 26. Qf2 Nf5 27. Nxf5 Re2 28.
Qf3 Qxf5 29. Qa8+ Bf8 30. Bxf8 Qxf8 31. Qd5+ Kg7 32. Ne6+ Rxe6 33. Qxe6 h5 34.
f5 1-0

[Event "Portugal Open 2018"]
[Site "Lisboa POR"]
[Date "2018.02.08"]
[Round "8.72"]
[White "Gratze, Michael"]
[Black "Dumont, Vincent"]
[Result "1/2-1/2"]
[WhiteElo "1968"]
[BlackElo "1849"]
[WhiteFideId "1613871"]
[BlackFideId "206199"]
[WhiteCountry "AUT"]
[BlackCountry "BEL"]
[PlyCount "120"]
[EventDate "2018.??.??"]

1. e4 c5 2. Nf3 Nf6 3. e5 Nd5 4. Nc3 e6 5. Ne4 f5 6. Nc3 Nb4 7. a3 N4c6 8. Bc4
Be7 9. O-O Nd4 10. Nxd4 cxd4 11. Nb5 Nc6 12. Qh5+ g6 13. Qh6 Nxe5 14. Qg7 Nf7
15. Qxd4 a6 16. Nc3 Bf6 17. Qe3 O-O 18. d4 b5 19. Bb3 Qb6 20. d5 Bd4 21. Qe2 e5
22. Be3 Bb7 23. Rad1 f4 24. Bxd4 exd4 25. Ne4 Nh6 26. Qd2 Nf5 27. Qxf4 Rae8 28.
Rfe1 Ne3 29. Nf6+ Rxf6 30. d6+ Kg7 31. Qxd4 Qxd4 32. Rxd4 Nf5 33. Rxe8 Nxd4 34.
Re7+ Kf8 35. Rxd7 Nxb3 36. cxb3 Bc6 37. Rxh7 Rxd6 38. h4 Bd5 39. b4 Bf7 40. g4
Kg8 41. Rh6 Kg7 42. g5 Rd2 43. f4 Rxb2 44. f5 Rb3 45. Kf2 Rxa3 46. h5 gxf5 47.
Ke2 a5 48. bxa5 Rxa5 49. Ke3 b4 50. Rb6 Bxh5 51. Kf4 Bg4 52. Rb7+ Kf8 53. g6 b3
54. Kg5 b2 55. Rxb2 Ra8 56. Rb7 Kg8 57. Kh6 Kh8 58. Rh7+ Kg8 59. Rg7+ Kh8 60.
Rh7+ Kg8 1/2-1/2

[Event "Portugal Open 2018"]
[Site "Lisboa POR"]
[Date "2018.02.08"]
[Round "8.73"]
[White "Skalli, Taoufik"]
[Black "Santos, José Alves"]
[Result "0-1"]
[WhiteElo "1858"]
[BlackElo "2150"]
[WhiteFideId "9004980"]
[BlackFideId "1900366"]
[BlackTitle "NM"]
[WhiteCountry "MAR"]
[BlackCountry "POR"]
[PlyCount "116"]
[EventDate "2018.??.??"]

1. e4 e5 2. Nf3 Nc6 3. d4 exd4 4. Bc4 Bc5 5. c3 Nf6 6. cxd4 Bb4+ 7. Bd2 Bxd2+ 8.
Nbxd2 d5 9. exd5 Nxd5 10. Qb3 Nce7 11. Bxd5 Nxd5 12. O-O O-O 13. Rfe1 c6 14.
Rac1 Qb6 15. Qa3 h6 16. Re2 Qb4 17. Qxb4 Nxb4 18. a3 Nd3 19. Rc3 Nxb2 20. Re7
Na4 21. Rce3 Nb6 22. Re1 Rb8 23. Nb3 Nd5 24. R7e4 b6 25. Ne5 Bf5 26. Nxc6 Bxe4
27. Nxb8 Bc2 28. Na1 Ba4 29. Na6 Rd8 30. f3 Nf4 31. Re4 Ne6 32. d5 Rxd5 33. Rxa4
Rd1+ 34. Kf2 Rxa1 35. h4 g5 36. hxg5 hxg5 37. g3 Ra2+ 38. Ke3 Rg2 39. g4 Kg7 40.
Nb4 a5 41. Nd3 Rc2 42. Ne1 Rc3+ 43. Kd2 Rb3 44. Kc2 Nc5 45. Rd4 Rxa3 46. Rd5 Ne6
47. Rd6 Ra2+ 48. Kc3 Nf4 49. Nc2 b5 50. Rb6 Nd5+ 51. Kb3 Rxc2 52. Rxb5 Rd2 53.
Rxa5 f6 54. Kc4 Nb6+ 55. Kc3 Rf2 56. Rb5 Rxf3+ 57. Kd4 Rf4+ 58. Ke3 Nc4+ 0-1

[Event "Portugal Open 2018"]
[Site "Lisboa POR"]
[Date "2018.02.08"]
[Round "8.74"]
[White "Van Ginkel, Henk"]
[Black "Neto, Horácio"]
[Result "1-0"]
[WhiteElo "1849"]
[BlackElo "2139"]
[WhiteFideId "1036394"]
[BlackFideId "1900315"]
[WhiteCountry "NED"]
[BlackCountry "POR"]
[PlyCount "63"]
[EventDate "2018.??.??"]

1. e4 c5 2. Nc3 Nc6 3. g3 g6 4. Bg2 Bg7 5. d3 e6 6. f4 d6 7. Nf3 Nge7 8. O-O O-O
9. Be3 b6 10. e5 dxe5 11. fxe5 Bb7 12. Bf4 Nd4 13. Kh1 Qc7 14. Nxd4 Bxg2+ 15.
Kxg2 cxd4 16. Ne4 Bxe5 17. Nf6+ Kh8 18. Nd7 Bxf4 19. Nxf8 Nf5 20. Nxg6+ hxg6 21.
Qf3 Rc8 22. Qxf4 e5 23. Qg5 Qxc2+ 24. Rf2 Ne3+ 25. Kg1 Qc1+ 26. Rf1 Qxb2 27.
Qf6+ Kh7 28. Qxf7+ Kh6 29. Qf2 Rc2 30. Qf8+ Kh5 31. Qh8+ Kg5 32. Qh4# 1-0

[Event "Portugal Open 2018"]
[Site "Lisboa POR"]
[Date "2018.02.08"]
[Round "8.75"]
[White "Cardoso, Miguel"]
[Black "Costa, João Guerra"]
[Result "0-1"]
[WhiteElo "1832"]
[BlackElo "2130"]
[WhiteFideId "1904280"]
[BlackFideId "1901737"]
[WhiteCountry "POR"]
[BlackCountry "POR"]
[PlyCount "102"]
[EventDate "2018.??.??"]

1. d4 Nf6 2. Nf3 b6 3. e3 Bb7 4. Bd3 c5 5. O-O g6 6. Nbd2 Bg7 7. c4 cxd4 8. exd4
O-O 9. Re1 d5 10. Nb3 dxc4 11. Bxc4 Nc6 12. Bg5 Rc8 13. Rc1 Nb4 14. a3 Nbd5 15.
Ne5 Qd6 16. Qd2 e6 17. Bh6 Ne7 18. Nxf7 Rxf7 19. Bxe6 Rxc1 20. Nxc1 Ne4 21.
Bxf7+ Kxf7 22. Qf4+ Qxf4 23. Bxf4 Bxd4 24. Nd3 a5 25. Be5 Bxe5 26. Nxe5+ Kg7 27.
Nc4 Nc8 28. Rd1 Ba6 29. Rd4 Bxc4 30. Rxc4 Ned6 31. Rc7+ Kf6 32. Rxh7 a4 33. Rh4
b5 34. Rb4 Ne7 35. b3 Nc6 36. bxa4 Nxb4 37. axb5 Nd5 38. a4 Nc3 39. a5 Ncxb5 40.
a6 Nc7 41. a7 Ndb5 42. h4 Nxa7 43. Kh2 Ne6 44. g4 Nf4 45. Kg3 Ke5 46. Kf3 Nc6
47. h5 g5 48. h6 Nd4+ 49. Ke3 Ng6 50. h7 Ne6 51. Kf3 Nef8 0-1

[Event "Portugal Open 2018"]
[Site "Lisboa POR"]
[Date "2018.02.08"]
[Round "8.76"]
[White "Plasil, Petr"]
[Black "Cordeiro, João"]
[Result "1-0"]
[WhiteElo "2042"]
[BlackElo "1807"]
[WhiteFideId "359360"]
[BlackFideId "1935291"]
[WhiteCountry "CZE"]
[BlackCountry "POR"]
[PlyCount "99"]
[EventDate "2018.??.??"]

1. d4 d5 2. c4 e6 3. Nc3 Nf6 4. cxd5 exd5 5. Bg5 Be7 6. e3 h6 7. Bh4 O-O 8. Qc2
c6 9. Bd3 Nbd7 10. Nge2 Re8 11. O-O b6 12. Bg3 Bb7 13. Rab1 a5 14. a3 Nf8 15. b4
axb4 16. axb4 Ne6 17. Nf4 Nxf4 18. Bxf4 Bd6 19. Ne2 Bxf4 20. Nxf4 Qd6 21. Rbc1
b5 22. Bf5 Ra4 23. Nd3 Bc8 24. Bxc8 Rxc8 25. Nc5 Ra7 26. Ra1 Rca8 27. Qb2 Nd7
28. Nb7 Qc7 29. Rxa7 Rxa7 30. Na5 Ra6 31. g3 Qd6 32. Qc3 Nb8 33. Rb1 g6 34. Qc2
f5 35. Nb7 Qe7 36. Na5 Qd6 37. Qb2 Nd7 38. Rc1 Nb8 39. Rc5 Nd7 40. Rc2 Nb8 41.
Qc3 Kf7 42. h4 h5 43. Kg2 Rb6 44. f3 Ra6 45. e4 dxe4 46. fxe4 fxe4 47. Rf2+ Ke7
48. d5 Rxa5 49. Qg7+ Ke8 50. Qg8+ 1-0

[Event "Portugal Open 2018"]
[Site "Lisboa POR"]
[Date "2018.02.08"]
[Round "8.77"]
[White "Silva, Tiago Alexandre"]
[Black "Mendes, Modeste"]
[Result "0-1"]
[WhiteElo "1716"]
[BlackElo "2039"]
[WhiteFideId "1935321"]
[BlackFideId "1925920"]
[WhiteCountry "POR"]
[BlackCountry "POR"]
[PlyCount "90"]
[EventDate "2018.??.??"]

1. e4 e5 2. Nf3 Nc6 3. Bb5 Bc5 4. d3 d6 5. c3 Bg4 6. Nbd2 Nge7 7. h3 Bd7 8. O-O
O-O 9. Re1 Ng6 10. Nb3 Bb6 11. d4 Nxd4 12. Nbxd4 exd4 13. Bxd7 Qxd7 14. Nxd4 Ne7
15. Bg5 f6 16. Be3 Rae8 17. Qb3+ Rf7 18. Rad1 Ng6 19. f3 Bxd4 20. Bxd4 b6 21.
Bf2 f5 22. exf5 Rxe1+ 23. Rxe1 Qxf5 24. Re8+ Nf8 25. Re7 d5 26. Rxf7 Qxf7 27.
Bg3 c5 28. Qa4 Qd7 29. Qxd7 Nxd7 30. Kf2 Kf7 31. Ke3 Ke6 32. b4 a5 33. a3 a4 34.
Bc7 g5 35. g3 Ne5 36. Bxe5 Kxe5 37. b5 h5 38. g4 h4 39. f4+ gxf4+ 40. Kf3 d4 41.
cxd4+ cxd4 42. g5 d3 43. g6 Kf6 44. g7 Kxg7 45. Kf2 Kf6 0-1

[Event "Portugal Open 2018"]
[Site "Lisboa POR"]
[Date "2018.02.08"]
[Round "8.78"]
[White "Monteiro, Sara"]
[Black "Kersten, Julian"]
[Result "0-1"]
[WhiteElo "1712"]
[BlackElo "2032"]
[WhiteFideId "1909860"]
[BlackFideId "1628542"]
[WhiteTitle "WCM"]
[WhiteCountry "POR"]
[BlackCountry "AUT"]
[PlyCount "58"]
[EventDate "2018.??.??"]

1. d4 Nf6 2. Nf3 g6 3. c4 Bg7 4. Nc3 O-O 5. e4 d6 6. Be2 Na6 7. O-O e5 8. d5 Nc5
9. Qc2 a5 10. a3 a4 11. Nd2 Bd7 12. b4 axb3 13. Nxb3 Nxb3 14. Qxb3 b6 15. Bg5 h6
16. Bd2 Ne8 17. f4 exf4 18. Bxf4 Qe7 19. Bd3 Nf6 20. Rae1 Ng4 21. Ne2 Ra7 22. h3
Ne5 23. Bb1 Rfa8 24. Bc1 Ra4 25. Bb2 Nxc4 26. Bxg7 Kxg7 27. Qc3+ Qe5 28. Qf3 Be8
29. Qg4 Ne3 0-1

[Event "Portugal Open 2018"]
[Site "Lisboa POR"]
[Date "2018.02.08"]
[Round "8.79"]
[White "Eberlein, Johann"]
[Black "Santos, Isabel P"]
[Result "1-0"]
[WhiteElo "1978"]
[BlackElo "1739"]
[WhiteFideId "24623121"]
[BlackFideId "1921681"]
[WhiteCountry "GER"]
[BlackCountry "POR"]
[PlyCount "153"]
[EventDate "2018.??.??"]

1. Nc3 d5 2. e4 c6 3. Nf3 Bg4 4. h3 Bh5 5. exd5 cxd5 6. g4 Bg6 7. Bb5+ Nc6 8.
Ne5 Rc8 9. h4 d4 10. Bxc6+ bxc6 11. Nxg6 hxg6 12. Ne4 e6 13. g5 Ne7 14. d3 Nf5
15. Qg4 Qd5 16. Bd2 c5 17. b3 Be7 18. O-O-O c4 19. dxc4 Ba3+ 20. Kb1 Rxc4 21.
Bc1 d3 22. Nf6+ gxf6 23. Qxc4 Qxc4 24. bxc4 dxc2+ 25. Kxc2 Bc5 26. gxf6 Bxf2 27.
Rd3 Rxh4 28. Rxh4 Bxh4 29. Bb2 Bf2 30. Kb3 g5 31. Kb4 g4 32. c5 g3 33. Be5 g2
34. Bh2 g1=Q 35. Bxg1 Bxg1 36. Ra3 Nd4 37. Ra6 Kd8 38. Kc4 Kc8 39. Rxa7 Nc6 40.
Ra8+ Nb8 41. Kb5 Kb7 42. Ra3 Bd4 43. Rd3 Be5 44. a4 Kc7 45. a5 Nc6 46. a6 Bxf6
47. Ra3 Na7+ 48. Kc4 Be7 49. Rb3 Nc6 50. Rb7+ Kc8 51. Kb5 Nd4+ 52. Kc4 Nc6 53.
Kb5 Nd4+ 54. Kc4 Nc6 55. Rb2 Kc7 56. Rb7+ Kc8 57. Kb5 Nd4+ 58. Kb6 Bd8+ 59. Ka7
Nc6+ 60. Ka8 f6 61. Rb6 Kc7 62. Rb7+ Kc8 63. a7 Nxa7 64. Kxa7 Bc7 65. c6 f5 66.
Ka6 f4 67. Kb5 f3 68. Kc4 f2 69. Rb1 Bb8 70. Kd3 Ba7 71. Ke2 Bd4 72. Kd3 e5 73.
Ke4 Kc7 74. Kd5 Bc3 75. Rb7+ Kc8 76. Rf7 Bd4 77. Kd6 1-0

[Event "Portugal Open 2018"]
[Site "Lisboa POR"]
[Date "2018.02.08"]
[Round "8.80"]
[White "Dias, José"]
[Black "Morais, Vítor"]
[Result "0-1"]
[WhiteElo "1660"]
[BlackElo "1977"]
[WhiteFideId "1923943"]
[BlackFideId "1900552"]
[BlackTitle "NM"]
[WhiteCountry "POR"]
[BlackCountry "POR"]
[PlyCount "128"]
[EventDate "2018.??.??"]

1. Nf3 d5 2. g3 c5 3. Bg2 Nc6 4. O-O Bg4 5. d3 Nf6 6. Nbd2 e6 7. h3 Bh5 8. Qe1
Be7 9. e4 O-O 10. Nh2 Nd4 11. g4 Bg6 12. Qd1 dxe4 13. dxe4 e5 14. Re1 Rc8 15.
Nc4 Qc7 16. c3 Ne6 17. a4 Rcd8 18. Qc2 Nf4 19. Bxf4 exf4 20. Re2 Rfe8 21. Rae1
Bf8 22. Nf1 Nd7 23. Qb3 b6 24. Nfd2 Ne5 25. Nxe5 Qxe5 26. Qc4 h5 27. Bf3 hxg4
28. hxg4 Qg5 29. Nf1 Bd6 30. Nh2 Be5 31. Kh1 Qh4 32. Kg2 Re6 33. Rh1 Qg5 34.
Ree1 Red6 35. Rd1 Rd2 36. Rxd2 Rxd2 37. Qb3 Qh4 38. Rf1 Qg3+ 39. Kh1 Rxf2 40.
Rxf2 Qxf2 41. Qd5 Bf6 42. g5 Qe1+ 43. Kg2 Qg3+ 44. Kh1 Bxg5 45. e5 Bh4 46. Qd2
Qe1+ 47. Qxe1 Bxe1 48. Nf1 Bd3 49. Kg2 g5 50. Bd1 Kg7 51. Nh2 Kg6 52. Nf3 Bg3
53. e6 f6 54. Bb3 c4 55. Bd1 Be4 56. Kf1 g4 57. Nd4 f3 58. Bc2 Bd3+ 59. Bxd3+
cxd3 60. Nb3 Bf4 61. Ke1 g3 62. Nd4 d2+ 63. Kd1 f2 64. Ke2 d1=Q+ 0-1

[Event "Portugal Open 2018"]
[Site "Lisboa POR"]
[Date "2018.02.08"]
[Round "8.81"]
[White "Alshameary Puente, Daniel"]
[Black "Arroyo Figuero, Fernando"]
[Result "1/2-1/2"]
[WhiteElo "1976"]
[BlackElo "1783"]
[WhiteFideId "22252096"]
[BlackFideId "22218769"]
[WhiteCountry "ESP"]
[BlackCountry "ESP"]
[PlyCount "120"]
[EventDate "2018.??.??"]

1. d4 d5 2. c4 e6 3. Nf3 Nf6 4. g3 Be7 5. Bg2 O-O 6. O-O c6 7. Nbd2 Nbd7 8. Qc2
b6 9. Rd1 Bb7 10. e4 dxe4 11. Nxe4 Nxe4 12. Qxe4 Nf6 13. Qe2 Qc8 14. Bg5 h6 15.
Bxf6 Bxf6 16. c5 Ba6 17. Qc2 bxc5 18. dxc5 Rb8 19. Rab1 Rd8 20. b3 Qc7 21. h4
Rxd1+ 22. Rxd1 Rd8 23. Rxd8+ Qxd8 24. Ne1 Qa5 25. Nf3 Be7 26. Qe4 Qxc5 27. Nd4
Qc1+ 28. Kh2 Qb2 29. Nxc6 Bc5 30. Nb4 Bb5 31. Qb7 Bb6 32. f4 Bf1 33. Qc8+ Kh7
34. Qc2+ Qxc2 35. Nxc2 Bd3 36. Nb4 Bb1 37. Bf1 Kg6 38. g4 Kf6 39. Bd3 Bxd3 40.
Nxd3 g5 41. Kg3 Bc7 42. hxg5+ hxg5 43. Kf3 gxf4 44. Nxf4 Ke5 45. Ne2 Ba5 46. Ke3
f5 47. gxf5 exf5 48. a3 Bb6+ 49. Kf3 Bc5 50. b4 Be7 51. Nc3 Bd8 52. a4 Be7 53.
Nb5 a6 54. Nc7 Bxb4 55. Nxa6 Bd6 56. a5 Kd5 57. Ke3 Kc4 58. Nb4 Bxb4 59. a6 Kb5
60. a7 Bc5+ 1/2-1/2

[Event "Portugal Open 2018"]
[Site "Lisboa POR"]
[Date "2018.02.08"]
[Round "8.82"]
[White "Pérez Bolanos, David"]
[Black "Fernandes, Tiago Saraiva"]
[Result "0-1"]
[WhiteElo "1651"]
[BlackElo "1969"]
[WhiteFideId "24564400"]
[BlackFideId "1920928"]
[WhiteCountry "ESP"]
[BlackCountry "POR"]
[PlyCount "110"]
[EventDate "2018.??.??"]

1. d4 c5 2. d5 Nf6 3. c4 b5 4. cxb5 a6 5. e3 g6 6. Nc3 Bg7 7. Nf3 O-O 8. Be2
axb5 9. Bxb5 Bb7 10. O-O d6 11. e4 Ba6 12. Bxa6 Rxa6 13. h3 Nbd7 14. Qe2 Qa8 15.
Be3 Rb8 16. Rac1 Ne8 17. Rc2 Nc7 18. Rd1 Rab6 19. Kh2 Qa5 20. Ne1 R6b7 21. Bg5
Kf8 22. Qd2 Bh8 23. Bh6+ Kg8 24. Bg5 Kf8 25. Bh6+ Ke8 26. f4 Na6 27. a3 c4 28.
f5 Nac5 29. fxg6 hxg6 30. Nf3 Nd3 31. Ne2 Qa4 32. Ned4 Rxb2 33. Qc3 Rxc2 34.
Qxc2 Qxc2 35. Nxc2 N7c5 36. Ne3 c3 37. Kg3 Nxe4+ 38. Kh2 Nb2 39. Rc1 Ra8 40. Nc2
Ra5 41. Re1 Nc5 42. Nb4 Ncd3 43. Nxd3 Nxd3 44. Rd1 Nb2 45. Rb1 Rxd5 46. a4 Ra5
47. Bg5 Rxa4 48. Re1 e6 49. Kg3 d5 50. Ne5 Nc4 51. Nxg6 fxg6 52. Rxe6+ Kd7 53.
Rxg6 Nd2 54. Bf4 Rxf4 55. Kxf4 c2 0-1

[Event "Portugal Open 2018"]
[Site "Lisboa POR"]
[Date "2018.02.08"]
[Round "8.83"]
[White "Pelaez Murias, Eduardo"]
[Black "Alves, Fernando"]
[Result "1-0"]
[WhiteElo "1961"]
[BlackElo "1701"]
[WhiteFideId "22279709"]
[BlackFideId "1905678"]
[WhiteCountry "ESP"]
[BlackCountry "POR"]
[PlyCount "73"]
[EventDate "2018.??.??"]

1. e4 e5 2. Nf3 Nc6 3. Bb5 Nd4 4. Nxd4 exd4 5. O-O Qg5 6. Be2 Qg6 7. d3 Bc5 8.
Bh5 Qf6 9. e5 Qe7 10. Nd2 d5 11. exd6 Bxd6 12. Re1 Be6 13. Ne4 h6 14. Qf3 O-O-O
15. Bg4 Kb8 16. Bxe6 fxe6 17. Bf4 Bxf4 18. Qxf4 Nf6 19. Nd2 Rhf8 20. Nf3 g5 21.
Qd2 Rd5 22. Re2 Qd6 23. Rae1 b6 24. h4 Ng4 25. Re4 Nf6 26. Re5 g4 27. Rxd5 Qxd5
28. Ne5 Nd7 29. Nxd7+ Qxd7 30. Qxh6 Qf7 31. Re2 e5 32. Qg5 Rg8 33. Qxe5 Qxa2 34.
b3 Qa1+ 35. Kh2 Qf1 36. Kg3 Qc1 37. h5 1-0

[Event "Portugal Open 2018"]
[Site "Lisboa POR"]
[Date "2018.02.08"]
[Round "8.84"]
[White "Candeias, Humberto"]
[Black "Guia, Artur"]
[Result "1-0"]
[WhiteElo "1935"]
[BlackElo "1668"]
[WhiteFideId "1903454"]
[BlackFideId "1946781"]
[WhiteCountry "POR"]
[BlackCountry "POR"]
[PlyCount "85"]
[EventDate "2018.??.??"]

1. e4 e5 2. Nc3 Nf6 3. f4 d5 4. fxe5 Nxe4 5. Nf3 Be7 6. Qe2 Nxc3 7. dxc3 c5 8.
Bf4 O-O 9. O-O-O Nc6 10. g3 Be6 11. h4 Qa5 12. a3 a6 13. Bh3 b5 14. Bxe6 fxe6
15. Ng5 Bxg5 16. Bxg5 b4 17. cxb4 cxb4 18. Rd3 Qc5 19. Qg4 Kh8 20. Be3 Nxe5 21.
Bxc5 Nxg4 22. Bxf8 Nf2 23. Rf3 Nxh1 24. Bd6 bxa3 25. bxa3 Kg8 26. Rf1 Nxg3 27.
Bxg3 Rf8 28. Rxf8+ Kxf8 29. Kd2 Ke7 30. Ke3 h6 31. Kd4 g5 32. Kc5 gxh4 33. Bxh4+
Kd7 34. Bg3 h5 35. a4 h4 36. Bxh4 Kc7 37. Bf6 Kb7 38. Kd6 Kb6 39. Bd8+ Kb7 40.
c3 Kc8 41. Ba5 Kb7 42. Kxe6 Kc6 43. Bb4 1-0